Statistics for Formas de Países con 4 Letras

Click here to take the quiz!

General Stats

  • This quiz has been taken 548 times
  • The average score is 8 of 10

Answer Stats

País % Correct
Cuba
94%
Perú
85%
Malí
83%
Chad
79%
Irán
77%
Laos
77%
Irak
72%
Fiyi
69%
Togo
66%
Omán
65%

Score Distribution

Percentile by Number Answered

Percent of People with Each Score

Your Score History

You have not taken this quiz